000 00290nam a22001337a 4500
008 170605b xxu||||| |||| 00| 0 eng d
020 _a9780618280650
041 _aeng
080 _a94
100 _a18
101 _aSHH
245 _aTHE ENDURING VISION
_cKETT.B.C
942 _2udc
_cBK
999 _c15918
_d15918